000 00921nam0a22002411 4500
001 rc\2715133
005 20250529124227.0
035 _a(NLR Aleph) 006842985
090 _a6665533
_c6665533
100 _a20110915d1938 |||y0rusy50 ca
101 0 _arus
102 _aRU
105 _aa z |||||
200 1 _aСоциалистический заказ швейникам
_eТемы для изобретателей
_fЛенингр. обл. упр. легкой промышленности. Трест "Ленинградодежда"
210 _aЛенинград
_cЛенингр. швейная промышленность
_d1938
215 _a35 с.
_cил., черт.
_d20 см.
710 0 2 _a"Ленинградодежда", трест
_9770481
_3RU\NLR\AUTH\880552110
801 0 _aRU
_bNLR
_gpsbo
801 1 _aRU
_bELAR
_2rusmarc
852 _aNLR
_j38-10/3465
942 _cBOOK
980 _aNB